Statistics for Countries That Have Controlled Constantinople

Click here to take the quiz!

General Stats

  • This quiz has been taken 50 times
  • The average score is 18 of 27

Answer Stats

Years ControlledCountry% Correct
1453 - 1918Ottoman Empire
100%
1923 - presentTurkey
98%
30 BC - 287 ADRoman Empire
93%
392 - 395Roman Empire
93%
324 - 337Roman Empire
93%
355 - 364Roman Empire
93%
1918 - 1923Greece
88%
1918 - 1923United Kingdom
86%
395 - 1204Byzantine Empire
84%
287 - 308Byzantine Empire
84%
337 - 355Byzantine Empire
84%
364 - 392Byzantine Empire
84%
1261 - 1376Byzantine Empire
84%
1376 - 1453Byzantine Empire
84%
1918 - 1923France
77%
1918 - 1923Italy
65%
510 BC - 478 BCPersian Empire
60%
1204 - 1261Latin Empire
49%
338 BC - 323 BCMacedon
49%
478 BC - 411 BCAthens
42%
408 BC - 338 BCAthens
42%
667 BC - 510 BCByzantium
42%
411 BC - 408 BCSparta
33%
301 BC - 30 BCThrace
28%
1376Genoa
19%
323 BC - 301 BCLysimachus
5%
308 - 324Licinus
2%

Score Distribution

Percentile by Number Answered

Percent of People with Each Score

Your Score History

You have not taken this quiz